Contes des fréres Grimm / (Record no. 75905)
[ view plain ]
| 000 -LEADER | |
|---|---|
| campo de control de longitud fija | 00638nam a2200193 i 4500 |
| 001 - NÚMERO DE CONTROL | |
| campo de control | 75905 |
| 003 - IDENTIFICADOR DE NÚMERO DE CONTROL | |
| campo de control | ES-MaACL |
| 005 - FECHA Y HORA DE LA ÚLTIMA TRANSACCIÓN | |
| campo de control | 20230906172640.0 |
| 007 - CAMPO FIJO DE DESCRIPCIÓN FÍSICA--INFORMACIÓN GENERAL | |
| campo de control de longitud fija | t| |
| 008 - DATOS DE LONGITUD FIJA--INFORMACIÓN GENERAL | |
| campo de control de longitud fija | 040928q1905 fr ||||1| fre d |
| 100 1# - ENTRADA PRINCIPAL--NOMBRE DE PERSONA | |
| Nombre de persona | Grimm, Jacob ( |
| Fechas asociadas al nombre | 1785-1863) |
| 9 (RLIN) | 60060 |
| 245 10 - MENCIÓN DEL TÍTULO | |
| Título | Contes des fréres Grimm / |
| Mención de responsabilidad, etc. | traduits de l'allemand par Ernest Grégoire et Louis Moland. |
| 260 ## - PUBLICACIÓN, DISTRIBUCIÓN, ETC. | |
| Lugar de publicación, distribución, etc. | Paris : |
| Nombre del editor, distribuidor, etc. | [s.n., |
| Fecha de publicación, distribución, etc. | 1905?] ( |
| Lugar de fabricación/manufactura | Levallois-Perret : |
| Fabricante | Crété de L. Abbre) |
| 300 ## - DESCRIPCIÓN FÍSICA | |
| Extensión | X, 344 p. ; |
| Dimensiones | 18 cm. |
| 700 1# - ENTRADA AGREGADA--NOMBRE PERSONAL | |
| Nombre de persona | Grégoire, Ernest. |
| 9 (RLIN) | 59882 |
| 700 1# - ENTRADA AGREGADA--NOMBRE PERSONAL | |
| Nombre de persona | Moland, Louis. |
| 9 (RLIN) | 81839 |
| 700 1# - ENTRADA AGREGADA--NOMBRE PERSONAL | |
| Nombre de persona | Grimm, Wilhelm ( |
| Fechas asociadas al nombre | 1786-1859) |
| 9 (RLIN) | 168467 |
| 852 ## - LOCALIZACIÓN | |
| Ubicación | ES-MaACL |
| Número de control de estantería | F-11036 |
| Estatus retirado | Estado de pérdida | Estado de daño | No para préstamo | Biblioteca de origen | Biblioteca actual | Ubicación en estantería | Fecha de adquisición | Fuente de adquisición | Total de préstamos | Signatura topográfica completa | Código de barras | Visto por última vez | Precio de reemplazo | Tipo de ítem Koha |
|---|---|---|---|---|---|---|---|---|---|---|---|---|---|---|
| Biblioteca del Ateneo de Madrid | Biblioteca del Ateneo de Madrid | Sala Pecera Planta 2 | 17/01/2008 | F-11036 | 1079443 | 23/02/2023 | 23/02/2023 | Libro impreso |
